8 mots dans mots : ben (mort subite) - Statistiques

Statistiques générales
  • Ce quiz a été pris 29 fois
  • Le résultat moyen est 6 sur 8
Answers on the Grid
Answers color-coded by a green-red scale on the quiz's grid according to % correct below.
Para---
Con---inage
Cul - ---it
E---e
E---isterie
Tu---ner
Hémo---bine
Télé---nes
Rec---iner
Rob---tterie
Saint - ---oît
La---iner
---gali
Rebo---er
Bi---ionale
Super---éfice
 
Statistiques - réponses
Réponse % Correct
E---e
84%
E---isterie
84%
Saint - ---oît
84%
Super---éfice
76%
---gali
68%
Cul - ---it
64%
Para---
60%
Télé---nes
48%
Aucun quiz correspondant
Distribution des résultats
% des personnes avec chaque résultat
Percentile par nombre de réponses
Votre historique - résultats
Vous n’avez pas pris ce quiz